| 000 | 00587nam a22001937a 4500 | ||
|---|---|---|---|
| 005 | 20251108164012.0 | ||
| 008 | 250721s9999 xx 000 0 ara d | ||
| 082 | 1 | 4 | _a344.046/ماج |
| 100 | 1 | _aالحلو، ماجد راغب | |
| 245 | 1 | 0 | _aقانون حماية البيئة في ضوء الشريعة / |
| 264 | 1 |
_aالإسكندريه : _bدار المطبوعات الجامعية، _c[19-]. |
|
| 300 | _a389ص | ||
| 650 | 1 | 7 | _aتشريعات البيئة |
| 650 | 1 | 7 | _aالتلوث |
| 650 | 1 | 7 | _aالإسلام |
| 650 | 1 | 7 | _aالبيئة |
| 942 |
_2ddc _cBK |
||
| 999 |
_c1135 _d1135 |
||